000 00274nam a2200097Ia 4500
008 240331s9999 xx 000 0 und d
082 _bWIE
100 _aWieringa, S
245 0 _aSubversive womenn :
_bwomen's movements in Africa,Asia,Latin America and the Caribbean
942 _cL
999 _c4575
_d4575